Normal view
MARC view
- BEAUCHAMP,L.TOM
Entry Personal Name
001 - CONTROL NUMBER
- control field: 133736
003 - CONTROL NUMBER IDENTIFIER
- control field: NUST
005 - DATE AND TIME OF LATEST TRANSACTION
- control field: 20260316114135.0
008 - FIXED-LENGTH DATA ELEMENTS
- fixed length control field: 260316|| aca||aabn | a|a d
040 ## - CATALOGING SOURCE
- Original cataloging agency: NUST
- Transcribing agency: NUST
100 ## - HEADING--PERSONAL NAME
- Personal name: BEAUCHAMP,L.TOM
670 ## - SOURCE DATA FOUND
- Source citation: Work cat.: (NUST)616613: BEAUCHAMP,L.TOM., ETHICAL THEORY & BUSINESS /, 2004.
